| 000 | 00499nam a22001817a 4500 | ||
|---|---|---|---|
| 005 | 20240902123247.0 | ||
| 008 | 240831b |||||||| |||| 00| 0 eng d | ||
| 020 | _a978-81-203-2468-3 | ||
| 041 | _aeng | ||
| 082 | _a004.01 MIS | ||
| 100 |
_aMISHRA, K.L.P. AND CHANDRASEKARAN, N _98483 |
||
| 245 | _aTHEORY OF COMPUTER SCIENCE: AUTOMATA LANGUAGES AND COMPUTATION | ||
| 250 | _a3RD ED. | ||
| 260 |
_aDELHI _bPHI LEARNING PVT.LTD. _c2024 |
||
| 300 | _a422;P | ||
| 650 | _aCS & IT | ||
| 942 | _cBK | ||
| 999 |
_c8612 _d8610 |
||